Producción de kéfir y determinación de la cinética de crecimiento de los granos de kéfir utilizados en su elaboración.
Guardado en:
| Autor principal: | |
|---|---|
| Otros Autores: | |
| Formato: | Libro |
| Lenguaje: | Spanish |
| Publicado: |
San José, Costa Rica
2019
|
| Materias: | |
| Etiquetas: |
Agregar Etiqueta
Sin Etiquetas, Sea el primero en etiquetar este registro!
|
MARC
| LEADER | 00000nam a22000007a 4500 | ||
|---|---|---|---|
| 003 | 013121 | ||
| 005 | 20230505154950.0 | ||
| 008 | 190925b2019 c a|||| |||| 00| ||spa d | ||
| 040 | |c cru CEDI | ||
| 100 | |9 18556 |a Sainz Molestina, Isabela de | ||
| 245 | |a Producción de kéfir y determinación de la cinética de crecimiento de los granos de kéfir utilizados en su elaboración. | ||
| 260 | |a San José, Costa Rica |c 2019 | ||
| 500 | |a Proyecto de graduación(licenciatura en ingeniería química)--Universidad de Costa Rica. Facultad de Ingeniería. Escuela de Ingeniería Química | ||
| 501 | |a Director de Proyecto de Graduación: Ing. Lautaro Ramírez Varas, Ph.D. | ||
| 650 | |x PRODUCTOS LACTEOS - EXPERIMENTOS |x INDUSTRIA LECHERA - PRODUCTOS DERIVADOS - COSTA RICA |x CINETICA QUIMICA |x PRODUCTOS LACTEOS - PRESERVACION - EVALUACION |x PRODUCTOS LACTEOS - PRODUCCION - EVALUACION | ||
| 700 | |9 463 |a Ramírez Varas, Lautaro, 1981- |d Director del TFG | ||
| 942 | |c CEDI |h TFG 8272 |6 TFG_8272_000000000000000 | ||
| 999 | |c 21799 |d 21799 | ||
